000 00642nam a2200241 a 4500
001 nice12345678
003 IN_TiNIC
005 20260116013725.0
008 050524s1997 newa grp 000 0 eng
020 _a
_c500
082 0 0 _a954.2
_bMOH
100 _aMohan, Surendra
245 _aAwadh Under the Nawabs
_b Politics, Culture & Communal Relations 1722-1856
260 _aNew Delhi
_bManohar Pub.
_c1997
300 _a242p
500 _aincludes index and biblioraphy
505 2 _aGlossary, Bibliography, Index
650 _aAwadh-History
700 1 _aMohan, Surendra
902 _bSRS
942 _cBK
999 _c12161
_d12161